All-in-one CAPM/PMP project management certification : (Record no. 13402)
[ view plain ]
| 000 -LEADER | |
|---|---|
| fixed length control field | 01192cam a2200325 a 4500 |
| 001 - CONTROL NUMBER | |
| control field | 15918218 |
| 005 - DATE AND TIME OF LATEST TRANSACTION | |
| control field | 20161012151942.0 |
| 007 - PHYSICAL DESCRIPTION FIXED FIELD--GENERAL INFORMATION | |
| fixed length control field | co |g||||||||| |
| 008 - FIXED-LENGTH DATA ELEMENTS--GENERAL INFORMATION | |
| fixed length control field | 090923s2009 nyua 001 0 eng |
| 010 ## - LIBRARY OF CONGRESS CONTROL NUMBER | |
| LC control number | 2009037842 |
| 020 ## - INTERNATIONAL STANDARD BOOK NUMBER | |
| International Standard Book Number | 9780071632997 (hbk.) |
| 020 ## - INTERNATIONAL STANDARD BOOK NUMBER | |
| International Standard Book Number | 0071632999 (hbk.) |
| 035 ## - SYSTEM CONTROL NUMBER | |
| System control number | (OCoLC)ocn318409069 |
| 040 ## - CATALOGING SOURCE | |
| Original cataloging agency | DLC |
| Transcribing agency | DLC |
| Modifying agency | YDX |
| -- | DLC |
| 050 00 - LIBRARY OF CONGRESS CALL NUMBER | |
| Classification number | HD69.P75 |
| Item number | P4943 2009 |
| 082 00 - DEWEY DECIMAL CLASSIFICATION NUMBER | |
| Classification number | 658.404076 |
| Edition number | 22 |
| Item number | PHI |
| 100 1# - MAIN ENTRY--PERSONAL NAME | |
| Personal name | Phillips, Joseph. |
| 9 (RLIN) | 11428 |
| 245 10 - TITLE STATEMENT | |
| Title | All-in-one CAPM/PMP project management certification : |
| Remainder of title | exam guide/ |
| Statement of responsibility, etc | Joseph Phillips. |
| 246 3# - VARYING FORM OF TITLE | |
| Title proper/short title | CAPM/PMP project management certification all-in-one exam guide |
| 250 ## - EDITION STATEMENT | |
| Edition statement | 2nd ed. |
| 260 ## - PUBLICATION, DISTRIBUTION, ETC. (IMPRINT) | |
| Place of publication, distribution, etc | New York : |
| Name of publisher, distributor, etc | McGraw-Hill, |
| Date of publication, distribution, etc | c2009. |
| 300 ## - PHYSICAL DESCRIPTION | |
| Extent | xxi, 552 p. : |
| Other physical details | ill. ; |
| Dimensions | 24 cm. + |
| Accompanying material | 1 CD-ROM (4 3/4 in.). |
| 490 1# - Series Statement | |
| Series statement | All-in-one |
| 500 ## - GENERAL NOTE | |
| General note | Includes index. |
| 538 ## - SYSTEM DETAILS NOTE | |
| System details note | System requirements: 50 MB of hard disk space; Windows 98; Internet Explorer 5.0. |
| 650 #0 - SUBJECT ADDED ENTRY--TOPICAL TERM | |
| 9 (RLIN) | 11429 |
| Topical term or geographic name as entry element | Project management |
| General subdivision | Examinations |
| Form subdivision | Study guides |
| 830 #0 - SERIES ADDED ENTRY--UNIFORM TITLE | |
| Uniform title | All-in-one (Series) |
| 9 (RLIN) | 11430 |
| 942 ## - ADDED ENTRY ELEMENTS (KOHA) | |
| Source of classification or shelving scheme | Dewey Decimal Classification |
| Item type | Book - Borrowing |
| Withdrawn status | Item status | Source of classification or shelving scheme | Damaged status | Not for loan | Vendor | Home library | Current library | Shelving location | Date acquired | Source of acquisition | Cost, normal purchase price | Serial Enumeration / chronology | Total Checkouts | Total Renewals | Full call number | Barcode | Date last seen | Date last borrowed | Koha item type |
|---|---|---|---|---|---|---|---|---|---|---|---|---|---|---|---|---|---|---|---|
| Dewey Decimal Classification | Alahram | Central Library | Central Library | First floor | 15/02/2010 | 315.00 | 36 | 2 | 8 | 658.404076 PHI | 000019595 | 11/02/2026 | 10/07/2019 | Book - Borrowing | |||||
| Dewey Decimal Classification | Alahram | Central Library | Central Library | First floor | 15/02/2010 | 315.00 | 36 | 658.404076 PHI | 000019594 | 24/08/2022 | CD | DVD - With book |